000 00660nam a2200217 a 4500
999 _c12625
_d12625
001 12625
003 BD-JhCC
005 20221019113921.0
008 221019s20172021bg |||| |||| 000 0 ban d
020 _a9789843434074
035 _a(BD-JhCC)12625
040 _aBD-JhCC
_dBD-JhCC
041 _aBangla
082 _a297
_bAHA 2021
100 _aআহমেদ, রাফান
245 _aবিশ্বাসের যৌক্তিকতা /
_cরাফান আহমেদ
260 _aঢাকা :
_bসন্দীপন,
_c২০২১
300 _a১৩৬ পৃ. :
_c২১ সেমি.
650 _astory -- islam
942 _2ddc
_cBK